[Event "Alushta Summer 3rd"]
[Site "Alushta"]
[Date "2016.06.21"]
[Round "10"]
[White "Enkhnar, Enkhbaatar"]
[Black "Shtyrenkov, Veniamen"]
[Result "1-0"]
[WhiteElo "2438"]
[BlackElo "2293"]
[PlyCount "84"]
[EventDate "2016.06.13"]
[EventType "tourn"]
[EventRounds "10"]
[EventCountry "UKR"]
[EventCategory "6"]
[SourceTitle "CBM 173 Extra"]
[Source "ChessBase"]
[SourceDate "2016.08.29"]
[SourceVersion "1"]
[SourceVersionDate "2016.08.29"]
[SourceQuality "1"]

1. c4 e5 2. g3 Nf6 3. Bg2 h6 4. Nc3 Bb4 5. e4 Nc6 6. Nge2 Bc5 7. d3 d6 8. h3 Nh7 9. a3 a6 10. 0-0 Ng5 11. Kh2 Ne6 12. f4 Bd7 13. b4 Ba7 14. Nd5 Ned4 15. Nec3 Be6 16. f5 Bd7 17. Rb1 Nb8 18. c5 dxc5 19. bxc5 Bc8 20. Qg4 Kf8 21. Qh5 Nbc6 22. Na4 f6 23. Bd2 Rb8 24. Nab6 Kg8 25. Nxc8 Rxc8 26. Rfc1 Rb8 27. h4 Qf8 28. Bh3 Bxc5 29. Rxc5 Qxc5 30. Nxf6+ gxf6 31. Qg6+ Kf8 32. Qxf6+ Ke8 33. Qxh8+ Qf8 34. Qxf8+ Kxf8 35. Bxh6+ Ke7 36. g4 Ne2 37. g5 Nf4 38. g6 Nd4 39. Bg5+ Kd6 40. Kg3 b5 41. Bxf4 Ne2+ 42. Kg4 Nxf4 1-0

[Event "Alushta Summer 3rd"]
[Site "Alushta"]
[Date "2016.06.17"]
[Round "6"]
[White "Iljin, Timofey"]
[Black "Shtyrenkov, Veniamen"]
[Result "1-0"]
[WhiteElo "2322"]
[BlackElo "2293"]
[PlyCount "57"]
[EventDate "2016.06.13"]
[EventType "tourn"]
[EventRounds "10"]
[EventCountry "UKR"]
[EventCategory "6"]
[SourceTitle "CBM 173 Extra"]
[Source "ChessBase"]
[SourceDate "2016.08.29"]
[SourceVersion "1"]
[SourceVersionDate "2016.08.29"]
[SourceQuality "1"]

1. d4 Nf6 2. c4 e6 3. Nc3 c5 4. d5 exd5 5. cxd5 Bd6 6. e4 Be5 7. Bd3 d6 8. Nge2 0-0 9. f4 Bd4 10. Nxd4 cxd4 11. Ne2 Re8 12. Ng3 Nxd5 13. 0-0 Ne3 14. Bxe3 dxe3 15. Qe2 d5 16. e5 Nc6 17. Kh1 Qb6 18. Rae1 Bd7 19. Qh5 h6 20. Bf5 Rad8 21. Bxd7 Rxd7 22. Nf5 Nd4 23. Nxg7 Red8 24. f5 Kxg7 25. f6+ Kh7 26. Qg4 Ne6 27. Qf5+ Kh8 28. Qh5 Nf8 29. Qxh6+ 1-0

[Event "Simferopol Crimea Autumn"]
[Site "Simferopol"]
[Date "2013.11.18"]
[Round "7"]
[White "Shtyrenkov, Veniamen"]
[Black "Alexeev, Alexey"]
[Result "0-1"]
[WhiteElo "2337"]
[BlackElo "2316"]
[PlyCount "96"]
[EventDate "2013.11.13"]
[EventType "tourn"]
[EventRounds "10"]
[EventCountry "UKR"]
[EventCategory "8"]
[SourceTitle "CBM 157 Extra"]
[Source "ChessBase"]
[SourceDate "2013.12.19"]
[SourceVersion "1"]
[SourceVersionDate "2013.12.19"]
[SourceQuality "1"]

1. d4 Nf6 2. c4 g6 3. Nc3 d5 4. Nf3 Bg7 5. h4 c6 6. Bg5 h6 7. Bxf6 Bxf6 8. cxd5 cxd5 9. Qb3 e6 10. e4 0-0 11. 0-0-0 Nc6 12. Kb1 Bg7 13. h5 g5 14. Bb5 Na5 15. Qc2 a6 16. Bd3 Nc6 17. a3 Kh8 18. exd5 exd5 19. Bf5 g4 20. Ne5 Qg5 21. Bxc8 Raxc8 22. Rhe1 Qxh5 23. Ka2 Kg8 24. Qb3 Rfe8 25. Qxb7 Nxe5 26. dxe5 Rb8 27. Qxd5 Rxe5 28. Rxe5 Qxe5 29. Qxe5 Bxe5 30. Na4 Kg7 31. b4 h5 32. g3 f5 33. Nc5 Re8 34. Nxa6 f4 35. gxf4 Bxf4 36. b5 Re2+ 37. Kb3 Rxf2 38. Nc5 Bh2 39. a4 g3 40. a5 g2 41. a6 Rf1 42. Rd7+ Kh6 43. a7 Ra1 44. Na6 g1Q 45. a8Q Qe3+ 46. Kb4 Rb1+ 47. Ka5 Qc3+ 48. Kb6 Bg1+ 0-1

[Event "Simferopol Crimea Autumn"]
[Site "Simferopol"]
[Date "2013.11.15"]
[Round "3"]
[White "Shtyrenkov, Veniamen"]
[Black "Sanduleac, Vasile"]
[Result "0-1"]
[WhiteElo "2337"]
[BlackElo "2427"]
[PlyCount "106"]
[EventDate "2013.11.13"]
[EventType "tourn"]
[EventRounds "10"]
[EventCountry "UKR"]
[EventCategory "8"]
[SourceTitle "CBM 157 Extra"]
[Source "ChessBase"]
[SourceDate "2013.12.19"]
[SourceVersion "1"]
[SourceVersionDate "2013.12.19"]
[SourceQuality "1"]

1. Nf3 d6 2. d4 Nd7 3. c4 e5 4. Nc3 Ngf6 5. e4 Be7 6. Be2 0-0 7. 0-0 c6 8. Be3 Qc7 9. d5 Nc5 10. Nd2 a5 11. a3 Bd7 12. b4 cxd5 13. exd5 Na6 14. Rb1 axb4 15. axb4 Qd8 16. Kh1 Bf5 17. Rb3 Nc7 18. f4 exf4 19. Bxf4 Bg6 20. Nf3 Re8 21. Nd4 Bf8 22. Bd3 Qd7 23. Bxg6 hxg6 24. Qf3 Rac8 25. Qd3 Na8 26. Ncb5 Ng4 27. Na7 Rcd8 28. Nab5 Nb6 29. Rc3 Rc8 30. Qc2 Ne5 31. Na3 Qg4 32. h3 Qd7 33. Qb3 Be7 34. Bxe5 dxe5 35. Ndb5 e4 36. Rc2 e3 37. Qxe3 Nxc4 38. Rxc4 Rxc4 39. Nxc4 Qxb5 40. Qd4 Rc8 41. Ne3 Qxb4 42. Qxb4 Bxb4 43. Rb1 Bd6 44. Nf1 b5 45. Nd2 Bf4 46. Nb3 Kf8 47. Nd4 b4 48. Nc6 Bd6 49. Ra1 b3 50. Rb1 Re8 51. Kg1 Bg3 52. d6 Re1+ 53. Rxe1 Bxe1 0-1

[Event "Simferopol Crimea Autumn"]
[Site "Simferopol"]
[Date "2013.11.14"]
[Round "2"]
[White "Alexeev, Alexey"]
[Black "Shtyrenkov, Veniamen"]
[Result "1-0"]
[WhiteElo "2316"]
[BlackElo "2337"]
[PlyCount "59"]
[EventDate "2013.11.13"]
[EventType "tourn"]
[EventRounds "10"]
[EventCountry "UKR"]
[EventCategory "8"]
[SourceTitle "CBM 157 Extra"]
[Source "ChessBase"]
[SourceDate "2013.12.19"]
[SourceVersion "1"]
[SourceVersionDate "2013.12.19"]
[SourceQuality "1"]

1. d4 Nf6 2. Nf3 g6 3. Nbd2 d5 4. c4 c6 5. e3 Bg7 6. Be2 0-0 7. 0-0 Ne4 8. Qc2 Bf5 9. Bd3 Nd6 10. b3 Na6 11. Ba3 c5 12. cxd5 cxd4 13. e4 Bd7 14. Rac1 Qa5 15. Qb2 Nb4 16. Bxb4 Qxb4 17. Rc7 Bb5 18. Qb1 Rfc8 19. Rfc1 Rxc7 20. Rxc7 Qa5 21. Rc1 Bh6 22. Rd1 Rc8 23. e5 Qc3 24. Nf1 Bxd3 25. Rxd3 Nb5 26. Rxc3 dxc3 27. Ne1 Na3 28. Qe4 c2 29. Nxc2 Nxc2 30. d6 1-0

[Event "Alushta Autumn 4th"]
[Site "Alushta"]
[Date "2013.09.12"]
[Round "2"]
[White "Mikhaletz, Lubomir"]
[Black "Shtyrenkov, Veniamen"]
[Result "1/2-1/2"]
[WhiteElo "2428"]
[BlackElo "2341"]
[PlyCount "99"]
[EventDate "2013.09.11"]
[EventType "tourn"]
[EventRounds "14"]
[EventCountry "UKR"]
[EventCategory "7"]
[SourceTitle "CBM 156 Extra"]
[Source "ChessBase"]
[SourceDate "2013.10.22"]
[SourceVersion "1"]
[SourceVersionDate "2013.10.22"]
[SourceQuality "1"]

1. d4 Nf6 2. Bg5 c5 3. Bxf6 exf6 4. Nc3 Nc6 5. Nf3 d5 6. e3 Be6 7. Be2 cxd4 8. Nxd4 Bb4 9. 0-0 0-0 10. Ncb5 Qb6 11. a3 Bc5 12. Nxe6 fxe6 13. b4 Be7 14. c4 dxc4 15. Bxc4 Ne5 16. Be2 Rfd8 17. Qb3 Ng6 18. Rac1 Nf8 19. a4 a5 20. bxa5 Rxa5 21. Rc4 Raa8 22. Rb1 Rd7 23. Qc2 Qa5 24. Nd4 g6 25. Qb3 Kg7 26. Bf3 Ra7 27. Rc8 Qa6 28. Be2 b5 29. Rxf8 Rxd4 30. Bxb5 Rb4 31. Qxb4 Bxb4 32. Bxa6 Kxf8 33. Rxb4 Rxa6 34. f4 Rc6 35. a5 Rc1+ 36. Kf2 Ra1 37. Rb8+ Ke7 38. Ra8 Ra2+ 39. Kf3 f5 40. Ra7+ Kf6 41. h3 h5 42. g4 hxg4+ 43. hxg4 g5 44. gxf5 Kxf5 45. fxg5 Kxg5 46. Ra8 Ra4 47. a6 Kf5 48. a7 Ke5 49. Ke2 Ke4 50. Kd2 1/2-1/2

[Event "Alushta Autumn"]
[Site "Alushta"]
[Date "2013.09.10"]
[Round "10"]
[White "Shtyrenkov, Veniamen"]
[Black "Golubov, Saveliy"]
[Result "1-0"]
[WhiteElo "2341"]
[BlackElo "2228"]
[PlyCount "59"]
[EventDate "2013.09.02"]
[EventType "tourn"]
[EventRounds "10"]
[EventCountry "UKR"]
[EventCategory "6"]
[SourceTitle "CBM 156 Extra"]
[Source "ChessBase"]
[SourceDate "2013.10.22"]
[SourceVersion "1"]
[SourceVersionDate "2013.10.22"]
[SourceQuality "1"]

1. d4 Nf6 2. Nf3 e6 3. Bg5 d5 4. Nbd2 Be7 5. e3 0-0 6. Bd3 c5 7. c3 Nbd7 8. 0-0 b6 9. Ne5 Nxe5 10. dxe5 Nd7 11. Bxe7 Qxe7 12. f4 f6 13. Qh5 g6 14. Qh4 Rf7 15. exf6 Rxf6 16. e4 Bb7 17. exd5 exd5 18. Rae1 Qd6 19. f5 Raf8 20. fxg6 hxg6 21. Nf3 R8f7 22. Re8+ Rf8 23. Rfe1 Rxe8 24. Rxe8+ Nf8 25. Ng5 Qd7 26. Nh7 Rf7 27. Bxg6 Qxe8 28. Nf6+ Kg7 29. Nxe8+ Kxg6 30. g4 1-0

[Event "Alushta Autumn"]
[Site "Alushta"]
[Date "2013.09.06"]
[Round "6"]
[White "Bajarani, Ulvi"]
[Black "Shtyrenkov, Veniamen"]
[Result "1-0"]
[WhiteElo "2436"]
[BlackElo "2341"]
[PlyCount "82"]
[EventDate "2013.09.02"]
[EventType "tourn"]
[EventRounds "10"]
[EventCountry "UKR"]
[EventCategory "6"]
[SourceTitle "CBM 156 Extra"]
[Source "ChessBase"]
[SourceDate "2013.10.22"]
[SourceVersion "1"]
[SourceVersionDate "2013.10.22"]
[SourceQuality "1"]

1. e4 c6 2. d4 d5 3. exd5 cxd5 4. c4 Nf6 5. Nc3 Nc6 6. Bg5 Ne4 7. Nxe4 dxe4 8. d5 Ne5 9. Bf4 Qa5+ 10. Bd2 Qc7 11. Bc3 f6 12. Qd4 Bf5 13. c5 Rd8 14. Bb5+ Kf7 15. Ne2 a6 16. Bc4 e6 17. dxe6+ Kg6 18. Nf4+ Kh6 19. Nd5 Qxc5 20. Qd2+ e3 21. Qxe3+ Qxe3+ 22. Nxe3 Nxc4 23. Nxf5+ Kg6 24. e7 Re8 25. 0-0-0 Bxe7 26. g4 h5 27. Rd7 Bf8 28. Rg1 hxg4 29. Nxg7 Re4 30. f3 Bc5 31. fxe4 Bxg1 32. Ne6 Rxh2 33. Rg7+ Kh6 34. Rxg4 Be3+ 35. Kb1 Nd2+ 36. Bxd2 Rxd2 37. Rg3 Bg5 38. a3 a5 39. Rb3 Rd6 40. Nc5 b6 41. Na4 Be3 1-0

[Event "Alushta Autumn"]
[Site "Alushta"]
[Date "2013.09.06"]
[Round "5"]
[White "Golubov, Saveliy"]
[Black "Shtyrenkov, Veniamen"]
[Result "1/2-1/2"]
[WhiteElo "2228"]
[BlackElo "2341"]
[PlyCount "86"]
[EventDate "2013.09.02"]
[EventType "tourn"]
[EventRounds "10"]
[EventCountry "UKR"]
[EventCategory "6"]
[SourceTitle "CBM 156 Extra"]
[Source "ChessBase"]
[SourceDate "2013.10.22"]
[SourceVersion "1"]
[SourceVersionDate "2013.10.22"]
[SourceQuality "1"]

1. e4 c5 2. Nf3 Nc6 3. d4 cxd4 4. Nxd4 Qb6 5. Nb3 Nf6 6. Nc3 e6 7. a3 a6 8. Bf4 d5 9. exd5 Nxd5 10. Nxd5 exd5 11. Qxd5 Be6 12. Qe4 0-0-0 13. Be3 Qc7 14. Bc4 Bxc4 15. Qxc4 h5 16. a4 Be7 17. c3 Bf6 18. 0-0 Be5 19. h3 Bh2+ 20. Kh1 Bd6 21. Rad1 Ne5 22. Qxc7+ Bxc7 23. Nd4 Nc4 24. b3 Nxe3 25. fxe3 Rd7 26. Kg1 g6 27. Kf2 Re8 28. b4 f5 29. a5 Be5 30. Rd3 Bg7 31. Rfd1 Bh6 32. Nc2 Rxd3 33. Rxd3 Kc7 34. Nd4 Bg7 35. Nb3 Re7 36. Nc5 Be5 37. h4 Kc6 38. Nb3 Kb5 39. Nd2 Ka4 40. Nc4 Bc7 41. Nd2 Be5 42. Nc4 Bc7 43. Nd2 Be5 1/2-1/2

[Event "Alushta Autumn"]
[Site "Alushta"]
[Date "2013.09.02"]
[Round "1"]
[White "Shtyrenkov, Veniamen"]
[Black "Bajarani, Ulvi"]
[Result "0-1"]
[WhiteElo "2341"]
[BlackElo "2436"]
[PlyCount "144"]
[EventDate "2013.09.02"]
[EventType "tourn"]
[EventRounds "10"]
[EventCountry "UKR"]
[EventCategory "6"]
[SourceTitle "CBM 156 Extra"]
[Source "ChessBase"]
[SourceDate "2013.10.22"]
[SourceVersion "1"]
[SourceVersionDate "2013.10.22"]
[SourceQuality "1"]

1. e4 c5 2. Nc3 d6 3. Nf3 Nf6 4. e5 dxe5 5. Nxe5 a6 6. a4 Nbd7 7. Nc4 Nb6 8. a5 Nxc4 9. Bxc4 e6 10. Be2 Bd7 11. Bf3 Qc7 12. d3 Bd6 13. h3 h6 14. Bd2 0-0 15. b3 Be5 16. 0-0 Rad8 17. Qe2 Rfe8 18. Rae1 Bh2+ 19. Kh1 Bd6 20. Ne4 Nxe4 21. Qxe4 Bc6 22. Qg4 f5 23. Qg6 Bxf3 24. gxf3 Qf7 25. Qxf7+ Kxf7 26. Bc3 Be7 27. Ra1 g5 28. Ra4 Rd5 29. Rc4 Rc8 30. Kg2 Rc6 31. f4 Bf6 32. fxg5 hxg5 33. Bxf6 Kxf6 34. h4 g4 35. f3 gxf3+ 36. Kxf3 Rc7 37. Rg1 Rh7 38. Rg8 Rd4 39. Rb8 Rxc4 40. bxc4 Ke5 41. c3 Rxh4 42. Rxb7 Rh3+ 43. Ke2 Rh2+ 44. Ke3 f4+ 45. Kf3 Ra2 46. Rh7 Rd2 47. Rh5+ Kd6 48. Kxf4 Rxd3 49. Rh8 Rxc3 50. Ra8 Rxc4+ 51. Ke3 Kd5 52. Rxa6 Rc3+ 53. Kd2 Ra3 54. Ra8 Kc4 55. a6 Ra2+ 56. Kc1 Kc3 57. Kb1 Rb2+ 58. Kc1 Ra2 59. Kb1 Ra5 60. a7 c4 61. Re8 Rxa7 62. Rxe6 Rh7 63. Rg6 Rh1+ 64. Ka2 Rd1 65. Rh6 Kc2 66. Rh2+ Rd2 67. Rh1 c3 68. Rg1 Rd1 69. Rg8 Kc1 70. Kb3 c2 71. Rg2 Rd3+ 72. Ka2 Rd8 0-1

[Event "Alushta Summer GM3"]
[Site "Alushta"]
[Date "2013.06.21"]
[Round "10"]
[White "Shtyrenkov, Veniamen"]
[Black "Yandemirov, Valeri"]
[Result "1/2-1/2"]
[WhiteElo "2329"]
[BlackElo "2422"]
[PlyCount "25"]
[EventDate "2013.06.13"]
[EventType "tourn"]
[EventRounds "10"]
[EventCountry "UKR"]
[EventCategory "6"]
[SourceTitle "CBM 155 Extra"]
[Source "ChessBase"]
[SourceDate "2013.08.26"]
[SourceVersion "1"]
[SourceVersionDate "2013.08.26"]
[SourceQuality "1"]

1. e4 e5 2. Nf3 Nc6 3. Bb5 a6 4. Bxc6 dxc6 5. 0-0 f6 6. d4 exd4 7. Nxd4 c5 8. Nb3 Qxd1 9. Rxd1 Bg4 10. f3 Be6 11. Nc3 c4 12. Nd4 Bc5 13. Be3 1/2-1/2

[Event "Alushta Summer GM1"]
[Site "Alushta"]
[Date "2013.06.07"]
[Round "5"]
[White "Legky, Nikolay A"]
[Black "Shtyrenkov, Veniamen"]
[Result "0-1"]
[WhiteElo "2396"]
[BlackElo "2329"]
[PlyCount "46"]
[EventDate "2013.06.03"]
[EventType "tourn"]
[EventRounds "10"]
[EventCountry "UKR"]
[EventCategory "6"]
[SourceTitle "CBM 154 Extra"]
[Source "ChessBase"]
[SourceDate "2013.06.25"]
[SourceVersion "2"]
[SourceVersionDate "2013.06.25"]
[SourceQuality "1"]

1. d4 Nf6 2. c4 e6 3. Nc3 Bb4 4. f3 c5 5. d5 b5 6. e4 bxc4 7. Bxc4 exd5 8. Bxd5 Nxd5 9. Qxd5 Nc6 10. Nge2 Ba6 11. Kf2 0-0 12. Be3 Rb8 13. Rab1 Ne7 14. Qd1 f5 15. a3 Bxe2 16. Nxe2 Ba5 17. e5 Bb6 18. Qd6 c4 19. f4 Bxe3+ 20. Kxe3 Nc6 21. g3 Rb3+ 22. Kf2 Qb6+ 23. Kg2 Rd3 0-1

[Event "Alushta Summer GM1"]
[Site "Alushta"]
[Date "2013.06.04"]
[Round "2"]
[White "Shtyrenkov, Veniamen"]
[Black "Farahat, Ali"]
[Result "1/2-1/2"]
[WhiteElo "2329"]
[BlackElo "2352"]
[PlyCount "38"]
[EventDate "2013.06.03"]
[EventType "tourn"]
[EventRounds "10"]
[EventCountry "UKR"]
[EventCategory "6"]
[SourceTitle "CBM 154 Extra"]
[Source "ChessBase"]
[SourceDate "2013.06.25"]
[SourceVersion "2"]
[SourceVersionDate "2013.06.25"]
[SourceQuality "1"]

1. d4 d5 2. c4 e6 3. Nf3 Nf6 4. g3 Be7 5. Bg2 c5 6. cxd5 exd5 7. 0-0 0-0 8. Nc3 Nc6 9. dxc5 Bxc5 10. Bg5 d4 11. Bxf6 Qxf6 12. Nd5 Qd8 13. Nd2 Re8 14. Rc1 Bf8 15. Nf4 Bd6 16. Nd3 Bg4 17. Bf3 Bh3 18. Re1 Rb8 19. a3 Ne5 1/2-1/2

[Event "Alushta Summer 1st"]
[Site "Alushta"]
[Date "2012.06.06"]
[Round "5"]
[White "Azaladze, Shota"]
[Black "Shtyrenkov, Veniamen"]
[Result "1/2-1/2"]
[WhiteElo "2489"]
[BlackElo "2361"]
[PlyCount "74"]
[EventDate "2012.06.02"]
[EventType "tourn"]
[EventRounds "11"]
[EventCountry "UKR"]
[EventCategory "6"]
[SourceTitle "CBM 148 Extra"]
[Source "ChessBase"]
[SourceDate "2012.06.22"]
[SourceVersion "1"]
[SourceVersionDate "2012.06.22"]
[SourceQuality "1"]

1. Nf3 d6 2. d4 Nf6 3. g3 g6 4. Bg2 Bg7 5. 0-0 0-0 6. c4 c6 7. Nc3 Bf5 8. Nh4 Be6 9. d5 cxd5 10. cxd5 Bd7 11. Be3 Na6 12. Bd4 Qa5 13. a3 Rfc8 14. b4 Qd8 15. Rc1 Nc7 16. Qd3 Qe8 17. Rfe1 Nb5 18. Nxb5 Bxb5 19. Qd2 a6 20. e4 Rxc1 21. Qxc1 Ng4 22. Bxg7 Kxg7 23. Qg5 Bd7 24. Nf5+ Bxf5 25. exf5 Nf6 26. fxg6 hxg6 27. f4 Qd8 28. f5 Qb6+ 29. Kh1 Qf2 30. Rxe7 Qxf5 31. Qxf5 gxf5 32. Rxb7 Rc8 33. Bf1 Ng4 34. Bxa6 Rc1+ 35. Kg2 Rc2+ 36. Kg1 Rc1+ 37. Kg2 Rc2+ 1/2-1/2

[Event "Alushta Summer 1st"]
[Site "Alushta"]
[Date "2012.06.03"]
[Round "2"]
[White "Shchukin, Dmitry"]
[Black "Shtyrenkov, Veniamen"]
[Result "1/2-1/2"]
[WhiteElo "2353"]
[BlackElo "2361"]
[PlyCount "31"]
[EventDate "2012.06.02"]
[EventType "tourn"]
[EventRounds "11"]
[EventCountry "UKR"]
[EventCategory "6"]
[SourceTitle "CBM 148 Extra"]
[Source "ChessBase"]
[SourceDate "2012.06.22"]
[SourceVersion "1"]
[SourceVersionDate "2012.06.22"]
[SourceQuality "1"]

1. e4 e5 2. Nf3 Nf6 3. Nxe5 d6 4. Nf3 Nxe4 5. d4 d5 6. Bd3 Be7 7. 0-0 Nc6 8. c4 Nb4 9. Be2 0-0 10. Nc3 Bf5 11. a3 Nxc3 12. bxc3 Nc6 13. Bf4 Rc8 14. Re1 Bf6 15. cxd5 Qxd5 16. h3 1/2-1/2

[Event "Alushta Autumn 1st"]
[Site "Alushta"]
[Date "2011.09.11"]
[Round "10"]
[White "Shtyrenkov, Veniamen"]
[Black "Iljin, Timofey"]
[Result "0-1"]
[WhiteElo "2382"]
[BlackElo "2509"]
[PlyCount "112"]
[EventDate "2011.09.02"]
[EventType "tourn"]
[EventRounds "11"]
[EventCountry "UKR"]
[EventCategory "5"]
[SourceTitle "EXT 2014"]
[Source "ChessBase"]
[SourceDate "2013.11.20"]
[SourceVersion "1"]
[SourceVersionDate "2013.11.20"]
[SourceQuality "1"]

1. e4 c5 2. Nf3 Nc6 3. d4 cxd4 4. Nxd4 Nf6 5. Nc3 e5 6. Ndb5 d6 7. Bg5 a6 8. Na3 b5 9. Nd5 Be7 10. Bxf6 Bxf6 11. c3 Ne7 12. Nxe7 Qxe7 13. g3 Bb7 14. Bg2 Bg5 15. 0-0 0-0 16. Nc2 a5 17. Qe2 Ba6 18. Rfd1 Rfc8 19. Ne3 b4 20. Qe1 Bxe3 21. Qxe3 bxc3 22. bxc3 Rc6 23. Bf1 Bxf1 24. Kxf1 Rac8 25. Rd3 Qc7 26. Rb1 h6 27. Rb5 a4 28. Rbd5 Rxc3 29. Rxc3 Qxc3 30. Qxc3 Rxc3 31. Rxd6 Rc2 32. Rd8+ Kh7 33. h4 h5 34. Ra8 Rxa2 35. Ra5 f6 36. Ra8 a3 37. Ra7 Ra1+ 38. Kg2 Kh6 39. Ra8 Kg6 40. Ra7 Kh6 41. Ra8 Kh7 42. Kh3 g6 43. Kg2 Kg7 44. Ra7+ Kf8 45. Kf3 Ke8 46. Kg2 Kd8 47. Rf7 Rb1 48. Ra7 Rb3 49. Rf7 a2 50. Ra7 Rb2 51. Kf3 Kc8 52. Ke3 Kb8 53. Ra4 Kb7 54. f4 Kb6 55. fxe5 fxe5 56. Ra8 Kc5 0-1

[Event "Alushta Autumn 2nd"]
[Site "Alushta"]
[Date "2010.09.16"]
[Round "3"]
[White "Shtyrenkov, Veniamen"]
[Black "Voloshin, Leonid"]
[Result "1/2-1/2"]
[WhiteElo "2410"]
[BlackElo "2453"]
[PlyCount "22"]
[EventDate "2010.09.14"]
[EventType "tourn"]
[EventRounds "13"]
[EventCountry "UKR"]
[EventCategory "4"]
[SourceTitle "CBM 138 Extra"]
[Source "ChessBase"]
[SourceDate "2010.10.29"]
[SourceVersion "1"]
[SourceVersionDate "2010.10.29"]
[SourceQuality "1"]

1. d4 d5 2. c4 c6 3. Nc3 Nf6 4. e3 g6 5. Nf3 Bg7 6. b3 0-0 7. Bb2 Nbd7 8. Be2 Re8 9. 0-0 b6 10. Qc2 Bb7 11. Rfd1 Rc8 1/2-1/2